| 000 | 00828nam a2200229 i 4500 | ||
|---|---|---|---|
| 001 | 64193 | ||
| 003 | ES-MaACL | ||
| 005 | 20250901073257.0 | ||
| 007 | t| | ||
| 008 | 031222s1963 sp a |||| | spa d | ||
| 100 | 1 |
_aFleury, Pierre. _9154055 |
|
| 245 | 1 | 0 |
_aCorrientes alternas _b: ondas hertzianas / por P. Fleury..., J.P. Mathieu... ; [traducida por José Mª Fernández Arín]. |
| 260 |
_aMadrid : _bParaninfo, _c1963. |
||
| 300 |
_a443 p. : _bil. ; _c22 cm. |
||
| 594 | _aPrecede al tít.: Física general y experimental según el tratado de J. Lemoine y A. Blanc. | ||
| 650 | 0 | 4 |
_aCorriente alterna. _911376 |
| 650 | 7 |
_aOndas de radio _2embne _9154056 |
|
| 700 | 1 |
_aMathieu, Jean Paul. _9154057 |
|
| 700 | 1 |
_aFernández Arin, José María. _949479 |
|
| 852 |
_aES-MaACL _jC-24056 _bR.52987 |
||
| 999 |
_c64193 _d64193 |
||